00666nam a2200169 a 450000100100000000500170001000800410002704000250006810000240009324500960011726000850021330000230029870000240032170000290034595201050037499900170047900003822320201002031213.0130404s1990 dr 000 0 spa d aDO-SdBNPbspacBNPHU1 aMena, Moises96458910aFiesta de sanidades hoy :bmilagros del siglo XX /cMoises y Nenita Mena, Freddy R. Peña. aSan Francisco Macorís, República Dominicana :bEducativa Dominicana ,c1990. a108 p. : ;c21 cm.1 aMena, Nenita9645901 aPeña, Freddy R.964591 0010718PDaPDbPDcCTd2013-04-04iLF1l0o p38223-10r2020-06-25w2020-06-25yLFPDZNo se presta c37713d37713